| 000 | 00407nam a22001457a 4500 | ||
|---|---|---|---|
| 020 | _a- | ||
| 082 | _a297 | ||
| 100 |
_aIbn-e-Kaseer, Hafiz Abul Fida _9129979 |
||
| 245 | _aTafseer Ibn-e-Kaseer (Vol-4) Urdu | ||
| 260 |
_aLahore (Pakistan) _bDarussalam _c- |
||
| 300 |
_a803 p. _bill. ; |
||
| 500 | _aIncludes index. | ||
| 650 |
_a1.Al Quran-- Tarjama-- Urdu. 2.Al Quran-- Tafseer _9129980 |
||
| 942 |
_cBK _2ddc |
||
| 999 |
_c12141 _d12141 |
||